000 00465nam a22001577a 4500
003 OSt
005 20260121155517.0
008 260121b |||||||| |||| 00| 0 eng d
040 _cMRSPTU
041 _aEnglish
100 _aArchana Kumari, Supervisor: Dr. Shaveta Rani
245 _aEnhancement in AODV Protocol to Overcome Congestion Problem in MANETs
260 _bDepartment of CSE, MRSPTU, Bathinda
_c2014
650 _aComputer Science
942 _2ddc
_cTH
_n0
999 _c10714
_d10714